000 005700000a22001810004500
003 MACL
005 20160522112402.0
008 160522b xxu||||| |||| 00| 0 eng d
040 _aMACL
_cMACL
041 _aHindi
082 _a891.433 MAT
100 _aमाथुर, उमेश
_958656
245 _aऐसी थी बरसात की रात
_cउमेश माथुर
260 _bपांडुलिपि प्रकाशन
_c2002
_aनई दिल्‍ली
350 _a125
650 _aNovel
_958657
942 _cHIN
_k800/MAT/N
_2ddc
999 _c9695
_d9695